Some Aspects of Transport Regulation, Deregulation and Regulatory Reform in Australia

Salvato in:
Dettagli Bibliografici
Autore principale: Docwra, George
Natura: Libro
Lingua:inglese
Pubblicazione: Qeensland University 1991
Edizione:1. ed.
Serie:Discussion Paper No.51
Tags: Aggiungi Tag
Nessun Tag, puoi essere il primo ad aggiungerne!!

MARC

LEADER 00000nam a2200000 4500
001 c031173
005 20250512105518.6
041 0 |a eng 
044 |a AU 
245 1 0 |a Some Aspects of Transport Regulation, Deregulation and Regulatory Reform in Australia  |c George Docwra 
250 |a 1. ed. 
264 1 |a Qeensland  |b University  |c 1991 
300 |a 41 s. 
490 1 |a Discussion Paper  |v No.51 
830 0 |a Discussion Paper  |v No.51 
100 1 |a Docwra, George